00439nam a2200181Ia 4500008004100000020001800041050001400059100001800073245001900091245004700110260001500157260001600172260000900188300001500197300002700212300001000239500000800249170918s9999 xx 000 0 und d a9780590275422 bG448 1994 aGibson, Akimi aNana's place / cAkimi Gibson ; illustrated by Karen Meyer. aNew York : bScholastic, c1994 a16 pages : bcolored illustration ; c23cm. a740